Statistics for Football Players by Picture #2

Click here to take the quiz!

General Stats

  • This quiz has been taken 119 times
  • The average score is 13 of 15

Answer Stats

Answer% Correct
Lionel Messi
99%
Paul Pogba
95%
Ronaldinho
95%
Andrés Iniesta
94%
Harry Maguire
93%
David De Gea
92%
Edinson Cavani
92%
Raheem Sterling
91%
Toni Kroos
91%
Son Heung-min
87%
James Milner
79%
Axel Witsel
77%
Kieran Trippier
73%
Diego Godín
71%
George Weah
48%

Score Distribution

Percentile by Number Answered

Percent of People with Each Score

Your Score History

You have not taken this quiz